Postacie z kreskówki Wróżkowie Chrzestni - Statystyki

Ogólne statystyki
  • Ten quiz został rozwiązany 28 razy
  • Średni wynik to 7 z 15
Statystyki odpowiedzi
Hint Odpowiedź % Poprawnych
Wróżek z zielonymi włosami Cosmo
95%
Główny bohater Timmy
95%
Wróżka z różowymi włosami Wanda
89%
Wredna opiekunka Vicky
68%
Matka głównego bohatera Mama | Pani Turner
53%
Ojciec głównego bohatera Tata | Pan Turner
53%
Sąsiad, ojciec głównego bohatera go nienawidzi Górecki
42%
Najpopularniejsza dziewczyna w szkole Trixie
37%
Kolega głównego bohatera, nosi aparat na zęby Chester
32%
Magiczny pies, występuje w sezonie 9 Sparky
32%
Najpotężniejszy ze wszystkich wróżków Jorgen
26%
Dziecko wróżków Poof
21%
Kolega głównego bohatera, klasowy geniusz AJ | RJ
16%
Siostra wyżej wymienionej, kocha się w głównym bohaterze Tootie
16%
Szalony nauczyciel Crocker
5%
Nie znaleziono quizów pasujących do podanych kryteriów
Rozkład punktacji
Procent ludzi z każdym wynikiem
Percentyl według liczby udzielonych odpowiedzi
Twoja historia wyników
Nie rozwiązałeś tego quizu